El uso de la hidracida maleica en ajo colorado /
Guardado en:
| Autor Principal: | |
|---|---|
| Formato: | Libro |
| Publicado: |
H. Ascasubi :
Inta,
1980
|
| Series: | Informe Técnico, No. 21
|
| Materias: | |
| Etiquetas: |
Agregar Etiqueta
Sin Etiquetas, Sea el primero en etiquetar este registro!
|
| LEADER | 00540nam a22001935a 4500 | ||
|---|---|---|---|
| 001 | CEM.cems004004 | ||
| 005 | 20060216000000.0 | ||
| 008 | 130507s1980##################000#0#####d | ||
| 003 | CEMS | ||
| 082 | 0 | 4 | |a 632.95 |
| 100 | 1 | |a López Camelo, Andrés F. | |
| 245 | 1 | 0 | |a El uso de la hidracida maleica en ajo colorado / |
| 260 | |a H. Ascasubi : |b Inta, |c 1980 | ||
| 300 | |a 6 p. | ||
| 490 | 0 | |a Informe Técnico, No. 21 | |
| 653 | |a Agricultura | ||
| 653 | |a Ajo | ||
| 653 | |a Horticultura | ||
| 859 | |a CEMS |b BIB. CEMS - 11 de abril |h 632.95 |i L881 |p 10237.81 |t Ej.1 | ||
